<?xml version="1.0" encoding="UTF-8"?>
<marc:record xmlns:marc="http://www.loc.gov/MARC21/slim">
   <marc:leader>00000nam a2200000 a 4500</marc:leader>
   <marc:datafield ind1="1" ind2=" " tag="100">
      <marc:subfield code="a">Dazieri, Sandrone</marc:subfield>
      <marc:subfield code="4">ctb</marc:subfield>
      <marc:subfield code="e">Mitwirkende/-r</marc:subfield>
   </marc:datafield>
   <marc:datafield ind1="1" ind2=" " tag="100">
      <marc:subfield code="a">Holdorf, Jürgen</marc:subfield>
      <marc:subfield code="4">ctb</marc:subfield>
      <marc:subfield code="e">Mitwirkende/-r</marc:subfield>
   </marc:datafield>
   <marc:datafield ind1="1" ind2=" " tag="100">
      <marc:subfield code="a">Franz, Claudia</marc:subfield>
      <marc:subfield code="4">ctb</marc:subfield>
      <marc:subfield code="e">Mitwirkende/-r</marc:subfield>
   </marc:datafield>
   <marc:datafield ind1="0" ind2="0" tag="245">
      <marc:subfield code="a">In der Finsternis</marc:subfield>
   </marc:datafield>
   <marc:datafield ind1="0" ind2="0" tag="245">
      <marc:subfield code="c">Sandrone Dazieri. Gelesen von Jürgen Holdorf. Aus dem Ital. von Claudia Franz</marc:subfield>
   </marc:datafield>
   <marc:datafield ind1=" " ind2="1" tag="264">
      <marc:subfield code="a">Hamburg</marc:subfield>
      <marc:subfield code="b">Osterwold Audio bei Hörbuch Hamburg</marc:subfield>
      <marc:subfield code="c">2015</marc:subfield>
   </marc:datafield>
   <marc:datafield ind1="1" ind2=" " tag="520">
      <marc:subfield code="a">Angaben aus der Verlagsmeldung

In der Finsternis : 3 CDs / von Sandrone Dazieri

Dante Torre besitzt eine besondere Gabe. Er kann Menschen lesen. Elf Jahre war er eingesperrt und darauf angewiesen, die kleinste Regung seines Entf&amp;uuml;hrers zu deuten. Als Jahre nach seiner Befreiung ein kleiner Junge verschwindet, ist Dante Torre sicher, dass der gleiche T&amp;auml;ter zugeschlagen hat. Doch dieser gilt l&amp;auml;ngst als tot. Nur Colomba Caselli glaubt Dante. Sie ist jung, gerade vom Dienst suspendiert und hat nichts zu verlieren. Dantes Sp&amp;uuml;rsinn bringt sie auf eine F&amp;auml;hrte: Jahrelang sind unz&amp;auml;hlige Kinder entf&amp;uuml;hrt worden - mit dem Ziel, ihre Erinnerung auszul&amp;ouml;schen und sie zu neuen Menschen zu machen.
Wie werden Caselli und Torre den Fall l&amp;ouml;sen?
</marc:subfield>
   </marc:datafield>
   <marc:datafield ind1=" " ind2=" " tag="020">
      <marc:subfield code="a">9783869522593</marc:subfield>
      <marc:subfield code="9">9783869522593</marc:subfield>
   </marc:datafield>
   <marc:datafield ind1=" " ind2=" " tag="020">
      <marc:subfield code="a">3869522593</marc:subfield>
      <marc:subfield code="9">3869522593</marc:subfield>
   </marc:datafield>
   <marc:datafield ind1=" " ind2=" " tag="041">
      <marc:subfield code="a">ger</marc:subfield>
   </marc:datafield>
   <marc:datafield ind1=" " ind2=" " tag="300">
      <marc:subfield code="a">3 CDs (1111 Min.)</marc:subfield>
   </marc:datafield>
</marc:record>
